MARC details
| 000 -CABECERA |
| campo de control de longitud fija |
01292nam a22003017a 4500 |
| 003 - IDENTIFICADOR DEL NÚMERO DE CONTROL |
| campo de control |
UPN |
| 005 - FECHA Y HORA DE LA ÚLTIMA TRANSACCIÓN |
| campo de control |
20230308094949.0 |
| 008 - ELEMENTOS DE LONGITUD FIJA--INFORMACIÓN GENERAL |
| campo de control de longitud fija |
220927s2019 spaabd|| |||| 00| 0 spa d |
| 020 ## - NÚMERO INTERNACIONAL NORMALIZADO PARA LIBROS |
| Número Internacional Estándar del Libro |
9786075243092 |
| 040 ## - FUENTE DE LA CATALOGACIÓN |
| Centro catalogador/agencia de origen |
MX-MxUPN |
| Lengua de catalogación |
spa |
| Centro/agencia transcriptor |
MX-MxUPN |
| 050 #4 - SIGNATURA TOPOGRÁFICA DE LA BIBLIOTECA DEL CONGRESO |
| Número de clasificación |
HQ1464 J35 |
| Número de documento/Ítem |
G66 2019 |
| 100 1# - ASIENTO PRINCIPAL--NOMBRE PERSONAL |
| Nombre de persona |
González Jiménez, Katya |
| 9 (RLIN) |
46817 |
| 100 1# - ASIENTO PRINCIPAL--NOMBRE PERSONAL |
| Nombre de persona |
González Ángel, Jaime |
| 9 (RLIN) |
46818 |
| 100 1# - ASIENTO PRINCIPAL--NOMBRE PERSONAL |
| Nombre de persona |
Ortega Sánchez, Rosa María |
| 9 (RLIN) |
46819 |
| 245 14 - MENCIÓN DE TÍTULO |
| Título |
Las mujeres en la región norte de Jalisco |
| 250 ## - MENCIÓN DE EDICIÓN |
| Mención de edición |
Primera edición |
| 260 ## - PUBLICACIÓN, DISTRIBUCIÓN, ETC. |
| Lugar de publicación, distribución, etc. |
[Guadalajara, Jalisco, México] : |
| Nombre del editor, distribuidor, etc. |
Universidad de Guadalajara, Centro Universitario del Norte |
| 260 ## - PUBLICACIÓN, DISTRIBUCIÓN, ETC. |
| Lugar de publicación, distribución, etc. |
Ciudad de México, México : |
| Nombre del editor, distribuidor, etc. |
Miguel Ángel Porrúa, |
| Fecha de publicación, distribución, etc. |
©2019 |
| 300 ## - DESCRIPCIÓN FÍSICA |
| Extensión |
142 páginas : |
| Otras características físicas |
ilustraciones, fotografías en blanco y negro, mapas, gráficas |
| 490 ## - MENCIÓN DE SERIE |
| Mención de serie |
Políticas públicas |
| 650 #0 - ASIENTO SECUNDARIO DE MATERIA - TERMINO TEMATICO |
| 9 (RLIN) |
46820 |
| Término de materia o nombre geográfico como elemento de entrada |
Mujeres |
| Subdivisión geográfica |
Jalisco |
| Subdivisión general |
Condiciones sociales |
| Subdivisión de forma |
Estadística |
| 650 #0 - ASIENTO SECUNDARIO DE MATERIA - TERMINO TEMATICO |
| 9 (RLIN) |
46821 |
| Término de materia o nombre geográfico como elemento de entrada |
Mujeres |
| Subdivisión geográfica |
Jalisco |
| Subdivisión general |
Condiciones económicas |
| Subdivisión de forma |
Estadística |
| 650 #0 - ASIENTO SECUNDARIO DE MATERIA - TERMINO TEMATICO |
| Término de materia o nombre geográfico como elemento de entrada |
Delitos contra la mujer |
| Subdivisión geográfica |
Jalisco |
| Subdivisión de forma |
Estadística |
| 9 (RLIN) |
46822 |
| 650 #0 - ASIENTO SECUNDARIO DE MATERIA - TERMINO TEMATICO |
| 9 (RLIN) |
46823 |
| Término de materia o nombre geográfico como elemento de entrada |
Mujeres huicholas |
| Subdivisión geográfica |
Jalisco |
| Subdivisión general |
Condiciones sociales |
| Subdivisión de forma |
Estadística |
| 650 #0 - ASIENTO SECUNDARIO DE MATERIA - TERMINO TEMATICO |
| 9 (RLIN) |
46825 |
| Término de materia o nombre geográfico como elemento de entrada |
Mujeres huicholas |
| Subdivisión geográfica |
Jalisco |
| Subdivisión general |
Condiciones económicas |
| Subdivisión de forma |
Estadística |
| 902 ## - ELEMENTOS DE DATOS B LOCAL, LDB (RLIN) |
| Creó |
NoemiAcosta/270922 |
| 942 ## - ELEMENTOS DE PUNTO DE ACCESO ADICIONAL (KOHA) |
| Fuente del sistema de clasificación o colocación |
Library of Congress Classification |
| Tipo de ítem Koha |
Libro |